Turn the stars upside down #16: the last days and ... Read More
Available copies
- 1 of 1 copy available at LARL/NWRL Consortium.
Current holds
0 current holds with 1 total copy.
Show Only Available Copies
| Location | Call Number / Copy Notes | Barcode | Shelving Location | Status | Due Date |
|---|---|---|---|---|---|
| Hallock Public Library | pb (Text) | 35500003199625 | Main | Available | - |
Record details
- ISBN: 0312982097 (pbk.)
- Physical Description: xvi, 426 p. : map ; 18 cm. 398 p. : maps ; 17 cm.
- Edition: St. Martin's Paperbacks ed.
- Publisher: New York : St. Martin's Paperbacks, 2002, c2001.
Content descriptions
| General Note: | Originally published: New York : St. Martin's Press, c2001. |
| Bibliography, etc. Note: | Includes bibliographical references (p. 414-417). |
Search for related items by subject
| Subject: | Crazy Horse, ca. 1842-1877 > Fiction. Indians of North America > Wars > Fiction. Oglala Indians > Fiction. Great Plains > Fiction. |
| Genre: | Biographical fiction. Western stories. |
Search for related items by series
| LDR | 01310nam a2200349Ia 4500 | ||
|---|---|---|---|
| 001 | 43848 | ||
| 003 | LARL_NWRL_CONSORTIUM | ||
| 005 | 20020731161249.0 | ||
| 008 | 020607r20022001nyub b 000 1 eng d | ||
| 020 | . | ‡a0312982097 (pbk.) | |
| 035 | . | ‡a(OCoLC)49944923 | |
| 082 | 0 | 4. | ‡a813/.54 ‡221 |
| 099 | . | ‡aJoh | |
| 100 | 1 | . | ‡aJohnston, Terry C., ‡d1947-2001. ‡0(LARL_NWRL_CONSORTIUM)74197 |
| 245 | 1 | 0. | ‡aTurn the stars upside down ‡n#16: ‡bthe last days and tragic death of Crazy Horse / ‡cTerry C. Johnston. |
| 250 | . | ‡aSt. Martin's Paperbacks ed. | |
| 260 | . | ‡aNew York : ‡bSt. Martin's Paperbacks, ‡c2002, c2001. | |
| 300 | . | ‡axvi, 426 p. : ‡bmap ; ‡c18 cm. | |
| 300 | . | ‡a398 p. : ‡bmaps ; ‡c17 cm. | |
| 490 | 0 | . | ‡aPlainsmen ; ‡v16 |
| 500 | . | ‡aOriginally published: New York : St. Martin's Press, c2001. | |
| 504 | . | ‡aIncludes bibliographical references (p. 414-417). | |
| 600 | 0 | 0. | ‡aCrazy Horse, ‡dca. 1842-1877 ‡vFiction. |
| 650 | 0. | ‡aIndians of North America ‡xWars ‡vFiction. ‡0(LARL_NWRL_CONSORTIUM)169911 | |
| 650 | 0. | ‡aOglala Indians ‡vFiction. ‡0(LARL_NWRL_CONSORTIUM)173803 | |
| 651 | 0. | ‡aGreat Plains ‡vFiction. | |
| 655 | 7. | ‡aBiographical fiction. ‡2gsafd | |
| 655 | 7. | ‡aWestern stories. ‡2gsafd | |
| 901 | . | ‡a43848 ‡bOCLC ‡c43848 ‡tbiblio | |

Add to basket
Permalink
Disable Highlighting